Impeccable (Record no. 14010)

MARC details
010 ## - Numéro international normalisé du livre (ISBN)
ISBN 9782493307026
Disponibilité et/ou prix 12 EUR
099 ## - Visibilité opac
notice masquée en opac Non
100 ## - Données générales de traitement
Données générales de traitement 20220603d2022 m y0frey50 ba
101 0# - Langue de la ressource
Langue du texte, de la bande son, etc. français
102 ## - Pays de publication ou de production
Pays de publication France
200 1# - Titre et mention de responsabilité
Titre propre Impeccable
Indication générale du type de document Livre
Complément du titre et autres pièces aux pieds légers
214 #0 - Mentions de production, publication, diffusion et manufacture
Nom de l’éditeur Quartett
Date de publication DL 2022
214 #3 - Mentions de production, publication, diffusion et manufacture
Nom de l’éditeur Impr. Pulsio
215 ## - Description physique
Nombre de pages 1 vol. (81 p.)
323 ## - Nombre de personnages
Texte de la note indéfini
700 ## - Auteur principal
Nom Navarro
Prénom Mariette
Dates 1980-....
105 ## - Zone de données codées : textes, monographies
Données codées sur les monographies textuelles ||||z 00|a|
181 #0 - Zone de données codées : Forme de la ressource
Données de liaison entre champs 01
Forme du contenu selon l’ISBD sous forme codée i
Qualificatif(s) du contenu selon l’ISBD sous forme codée xxxe
181 ## - Zone de données codées : Forme de la ressource
Données de liaison entre champs 02
Autre référentiel utilisé pour coder la forme du contenu texte
Code du référentiel rdacontent
182 #0 - Zone de données codées : type de média
Données de liaison entre champs 01
Type de médiation selon l’ISBD sous forme codée sans média
182 ## - Zone de données codées : type de média
Données de liaison entre champs 02
Autre référentiel utilisé pour coder le type de médiation sans média
Code du référentiel rdamedia
214 #0 - Mentions de production, publication, diffusion et manufacture
Lieu de publication, production, distribution/diffusion, fabrication [Paris]
214 #3 - Mentions de production, publication, diffusion et manufacture
Lieu de publication, production, distribution/diffusion, fabrication Paris
215 ## - Description physique
Dimensions 18 cm
321 ## - note sur les index, extraits et citations publiés séparément
Nom de la source La Revue des livres pour enfants
Numéro international normalisé 0398-8384
Localisation dans la source 328
333 ## - Note sur le public destinataire
Texte de la note À partir de 15 ans
608 ## - Vedette de Forme, Genre ou Caractéristiques physiques
Élément d'entrée Théâtre
Code du format utilisé CNLJ
686 ## - Autres numéros de classification
Indice 802
Code du format utilisé Cadre de classement de la Bibliographie nationale française
700 ## - Auteur principal
Identifiant de la notice d'autorité 16132604
Identifiant international normalisé pour les noms ISNI0000000071065371
Code de fonction Auteur
801 #0 - Origine de la notice
Pays FR
Agence de catalogage FR-751131015
Date de la transaction 20220603
Règles de catalogage utilisées AFNOR
Identifiant d'origine FRBNF470394940000007
Code du format utilisé intermrc
000 -Etiquette de la notice
Leader 01174cam a2200397 4500
003 - Identifiant de la notice
Identifiant http://catalogue.bnf.fr/ark:/12148/cb47039494h
005 - Identifiant de la version
Identifiant 20260129111922.0
020 ## - Numéro de l'agence bibliographique nationale
Code de pays France
Indice 02260767
073 #0 - EAN
Numéro normalisé 9782493307026
Holdings
Exclu du prêt Date de création Site actuel Code barre Date prix de remplacement Cote Statut Site de rattachement Type de document Koha
  29.01.2026 Théâtre Joliette JOL-007711 29.01.2026 TH NAV X   Théâtre Joliette Livre